Представление документа в формате MARC21

ПолеНазваниеЗначение
  Тип записи a
  Библиографический уровень m
001 Контрольный номер RU\infra-m\znanium\bibl\2236518
005 Дата корректировки 20260429142123.4
008 Кодируемые данные 260120s2025 RU g rus u
020 Индекс ISBN __
a ISBN 978-5-206-00165-5
040 Источник каталогиз. __
a Служба первич. каталог. Общество с ограниченной ответственностью «ЗНАНИУМ»
041 Код языка издания __
a Код языка текста rus
044 Код страны публикации __
a Код страны публикации RU
080 Индекс УДК __
a Индекс УДК 692
084 Индекс другой классификации/Индекс ББК __
2 Источник индекса rubbk
a Индекс другой классификации/Индекс ББК 386
084 Индекс другой классификации/Индекс ББК __
2 Источник индекса okso
a Индекс другой классификации/Индекс ББК 07.03.01
084 Индекс другой классификации/Индекс ББК __
2 Источник индекса okso
a Индекс другой классификации/Индекс ББК 07.04.01
100 Автор __
a Автор Эрнст В.
q Полное имя Эрнст Вольфганг
245 Заглавие __
a Заглавие Кровельная изоляция. Кровельное озеленение. Ошибки. Проблемы. Гидроизоляционные материалы: Краткое изложение
b Продолж. заглавия Справочная литература
250 Сведения об издании __
a Основные сведения об издании 1
260 Выходные данные __
a Место издания Москва
b Издательство Альпина ПРО
c Дата издания 2026
300 Физическое описание __
a Объем 136 с.
520 Аннотация __
a Аннотация Вольфганг Эрнст автор серии специализированных книг «Кровельная изоляция. Кровельное озеленение» — известный немецкий специалист по кровельному делу. В первой книге «Ошибки: Причины последствия и предотвращение» досконально разбираются ошибки в кровельном проектировании ведущие к дефектам и повреждениям на гидроизолированных и зеленых кровлях. Вторая книга «Проблемы: Истоки причины опыт и решения» — уникальный технический справочник содержащий широкую фактологическую базу в том числе результаты испытаний почти всех видов кровельных материалов. Третья книга серии — «Гидроизоляционные материалы: Сравнение более 100 материалов» — посвящена анализу материалов для гидроизоляции. В ней можно найти результаты проверки материалов на гибкость устойчивость к воздействию различных веществ и температур уровень естественного и искусственного старения токсичности для окружающей среды в том числе растений и рыб. Справочник будет полезен специалистам по кровельной изоляции архитекторам проектировщикам застройщикам и владельцам зданий.
521 Примеч. о цел. назн. __
a Примеч. о целев. назн. ВО - Специалитет
650 Тематические рубрики __
a Основная рубрика Строительство
x Основная подрубрика Изоляционные и электромонтажные работы
655 Указ. предметных рубрик (устаревшее) __
a Жанр/ форма (устаревшее) Справочная литература
856 Электронный адрес документа 4_
a Имя сервера/домена znanium.ru
m Помощь ebs_support@infra-m.ru
n Местонахождение сервера НИЦ ИНФРА-М
u URL https://znanium.ru/catalog/document?id=474455
856 Электронный адрес документа 48
a Имя сервера/домена znanium.ru
d Путь /cover/2236
f Электронное имя 2236518.jpg
q Тип электронного формата image/jpeg
u URL https://znanium.ru/cover/2236/2236518.jpg
911 __
u 0030=https://znanium.ru/catalog/document?id=474455